00370nam a2200145Ia 4500008004100000040001400041082001100055100002100066245003000087260001100117365002800128366000800156630003000164730003000194100315s9999 xx 000 0 und d cENGLISH  b2827  a"Grewal, T. S. " aIntroducton TO Accountacy c1995  eRupees d1 b110.00  f0  aIntroducton TO Accountacy aIntroducton TO Accountacy